Central Library || Chittagong University

Coastal Shrimp aquaculture in Thailand: Key Issues for research / (Record no. 109526)

MARC details
000 -LEADER
fixed length control field 00550nam a22001817a 4500
003 - CONTROL NUMBER IDENTIFIER
control field BD-ChCU
005 - DATE AND TIME OF LATEST TRANSACTION
control field 20251118093712.0
008 - FIXED-LENGTH DATA ELEMENTS--GENERAL INFORMATION
fixed length control field 251118b aus ||||| |||| 00| 0 eng d
020 ## - INTERNATIONAL STANDARD BOOK NUMBER
International Standard Book Number 1863202730
040 ## - CATALOGING SOURCE
Transcribing agency BD-ChCU
082 ## - DEWEY DECIMAL CLASSIFICATION NUMBER
Edition number 23
Classification number 639.6809593 C652
100 ## - MAIN ENTRY--PERSONAL NAME
Personal name Smith. Paul T.
Relator term Editor
9 (RLIN) 16305
245 ## - TITLE STATEMENT
Title Coastal Shrimp aquaculture in Thailand: Key Issues for research /
Statement of responsibility, etc. edited by Paul T. Smith
260 ## - PUBLICATION, DISTRIBUTION, ETC.
Place of publication, distribution, etc. Australia :
Name of publisher, distributor, etc. Aciar,
Date of publication, distribution, etc. c1999
300 ## - PHYSICAL DESCRIPTION
Extent 131p.
650 #0 - SUBJECT ADDED ENTRY--TOPICAL TERM
Topical term or geographic name entry element Shrimp aquaculture aquaculture
9 (RLIN) 16306
942 ## - ADDED ENTRY ELEMENTS (KOHA)
Source of classification or shelving scheme Dewey Decimal Classification
Koha item type Books
Suppress in OPAC No
Holdings
Withdrawn status Lost status Source of classification or shelving scheme Damaged status Not for loan Home library Current library Shelving location Date acquired Source of acquisition Total Checkouts Full call number Barcode Date last seen Copy number Price effective from Koha item type
    Dewey Decimal Classification     Chittagong University Library Chittagong University Library Science Reading Room 11/18/2025 Purchase   639.6809593 C652 343059 11/18/2025 C-1 11/18/2025 Books
    Dewey Decimal Classification     Chittagong University Library Chittagong University Library Science Reading Room 11/18/2025 Purchase   639.6809593 C652 343060 11/18/2025 C-2 11/18/2025 Books
© Copyright 2025. Chittagong University Library, Installation and Maintenance by Prof. Dr. Md. Alamgir, 01711306253